LEADER 01453nam a2200277 a 4500 001 000000151049 003 CaOOAMICUS 005 20160406095338.0 008 160406s1913 fr u000 u fre r 032 $aLibriCat 040 $aPUL$bita 100 1 $aMaurras, Charles,$d1868-1952.$0(OLS)http://pul/name/7815 245 12$aL'Action française et la religion catholique :$bles éléments d'une imposture agressions libérales, démocratiques, sillonnistes les maitres de "l'Action français" l'Action française et la morale /$cCharles Maurras. 250 $a2ème éd. 260 $aParis :$bNouvelle Librairie Nationale,$c1913. 300 $a354 p. ;$c19 cm. 504 $aBibliografia in nota. 650 4$aCattolicesimo$xStudi.$0(OLS)http://pul/subject/41305 850 $aPUL 852 $aPUL$W1$xDP1 Cons. Gen., Altre Classi 1$y22$m733 G 37$j173449$qStampati$B175722$CPULBib$Z2$F175722 $81 852 $aPUL$W1$xDP1 Fondo G. Barberini$y122$m4 D 13$j177690$b2 copia$qFondi$B180796$CPULBib$Z2$F180796 $HBar2138 $81 941 1 $a1 941 1 $a8 996 $6245$aL'Action française et la religion catholique :$bles éléments d'une imposture agressions libérales, démocratiques, sillonnistes les maitres de "l'Action français" l'Action française et la morale$9(OLS)http://pul/title/190236 996 $6260$aParis :$bNouvelle Librairie Nationale$9(OLS)http://pul/publisher/60218 LEADER 01519nam a2200301 a 4500 001 000000158177 003 CaOOAMICUS 005 20170125104938.0 008 170125s2005 gw u000 u ger r 020 $a3830670613* 032 $aLibriCat 040 $aPUL$bita 082 04$a222 100 1 $aKöster, Peter.$0(OLS)http://pul/name/101007 245 10$aUrgestalten und Ursymbole des Glaubens :$bdie Väter- und Müttergeschichten aus dem Buch Genesis und die Erzählungen der Exodustradition Israels: eine geistliche Auslegung auf fachexegetischer Grundlage /$cPeter Köster. 250 $a2. Aufl. 260 $aSt. Ottilien :$bEOS Verlag Erzabtei St. Ottilien,$c2005. 300 $a263 p. ;$c24 cm. 504 $aInclude riferimenti bibliografici. 630 04$aBiblia.$pV.T.$xCritica e interpretazione.$0(OLS)http://pul/subject/3062 850 $aPUL 852 $aPUL$W1$xDP2 Religione 3$y114$m222 KOSPE 1$j181514$qDDC 21$B184655$CPULBib$Z2$F184655 $H128827 $81 941 1 $a9 996 $6020$a3830670613*$9(OLS)http://pul/number/161901 996 $6082$a222$9(OLS)http://pul/classification/563 996 $6245$aUrgestalten und Ursymbole des Glaubens :$bdie Väter- und Müttergeschichten aus dem Buch Genesis und die Erzählungen der Exodustradition Israels: eine geistliche Auslegung auf fachexegetischer Grundlage$9(OLS)http://pul/title/197792 996 $6260$aSt. Ottilien :$bEOS Verlag Erzabtei St. Ottilien$9(OLS)http://pul/publisher/51355